Improvement of quality of natural rubber (cis-polyisoprene) by suitable chemical treatments (Record no. 60871)

MARC details
000 -LEADER
fixed length control field 01752nam a2200157Ia 4500
100 ## - MAIN ENTRY--AUTHOR NAME
Personal name Pal T K
245 #0 - TITLE STATEMENT
Title Improvement of quality of natural rubber (cis-polyisoprene) by suitable chemical treatments
260 ## - PUBLICATION, DISTRIBUTION, ETC. (IMPRINT)
Name of publisher National Symposium on Impact of Chemistry on Life and Society, 1 to 3 October 2004, Department of Chemistry, Tripura University, West Tripura, India. pp.72.
520 ## - SUMMARY, ETC.
Summary, etc Natural rubber (NR), a polymer of cis-isoprene, is obtained from the latex, a colloid, extracted from rubber plant (Hevea brasiliensis). NR is an important raw material for rubber based industries. The quality of raw rubber effects the quality and durability of products. The quality of NR can be improved by suitable chemical treatment in different steps of processing of latex. The state of Tripura produces substantial quantities of NR. There are facilities to process latex to produce sheet rubber, a dry form of natural rubber. Different types of chemicals viz anticoagulants, coagulants, sodium bisulphite and paranitrophenol are used in processing sheets. The preserved latex concentrate is also being produced by centrifugation with suitable preservative system in one processing unit run by TFDPC in south Tripura. The use of ammonia as preservative in this process has manifold advantages. The superior quality raw materials can fetch better price. The suitable chemical treatment on latex during processing to produce superior quality sheet rubber and preserved latex concentrate, the importance of use of chemicals and the market demand of the different grades are discussed.
650 ## - SUBJECT ADDED ENTRY--TOPICAL TERM
Topical Term Chemical treatment
650 ## - SUBJECT ADDED ENTRY--TOPICAL TERM
Topical Term Natural rubber
700 ## - ADDED ENTRY--PERSONAL NAME
Personal name Dey S K
856 ## - ELECTRONIC LOCATION AND ACCESS
Uniform Resource Identifier Abst only
942 ## - ADDED ENTRY ELEMENTS (KOHA)
Koha item type Journals
Holdings
Withdrawn status Lost status Damaged status Not for loan Home library Current library Shelving location Date acquired Koha item type
      Journals RRII Library RRII Library Rubber chemistry 17/12/2021 Journals